<?xml version="1.0" encoding="UTF-8"?>
<record
    xmlns:xsi="http://www.w3.org/2001/XMLSchema-instance"
    xsi:schemaLocation="http://www.loc.gov/MARC21/slim http://www.loc.gov/standards/marcxml/schema/MARC21slim.xsd"
    xmlns="http://www.loc.gov/MARC21/slim">

  <leader>02245    a2200193   4500</leader>
  <controlfield tag="001">59313</controlfield>
  <controlfield tag="005">20260407155847.0</controlfield>
  <controlfield tag="008">260407a1973    arg                 spa d</controlfield>
  <controlfield tag="003">AR-UNSa-BCEJYS</controlfield>
  <datafield tag="040" ind1=" " ind2=" ">
    <subfield code="a">AR-UNSa-BCEJYS</subfield>
    <subfield code="b">spa</subfield>
    <subfield code="c">AR-UNSa-BCEJYS</subfield>
  </datafield>
  <datafield tag="080" ind1=" " ind2=" ">
    <subfield code="a">338.2(8)</subfield>
    <subfield code="x">Pol&#xED;tica econ&#xF3;mica. Control de la econom&#xED;a. gesti&#xF3;n de la econom&#xED;a. planificaci&#xF3;n econ&#xF3;mica en Am&#xE9;rica Latina</subfield>
  </datafield>
  <datafield tag="245" ind1="1" ind2="0">
    <subfield code="a">La creaci&#xF3;n de un mercado com&#xFA;n</subfield>
    <subfield code="p">apuntes hist&#xF3;ricos sobre la experiencia de Centroam&#xE9;rica</subfield>
  </datafield>
  <datafield tag="264" ind1=" " ind2="1">
    <subfield code="a">Buenos Aires :</subfield>
    <subfield code="b">BID/INTAL (Banco Interamericano de Desarrollo. Instituto para la integraci&#xF3;n de Am&#xE9;rica Latina)</subfield>
    <subfield code="c">1973</subfield>
  </datafield>
  <datafield tag="300" ind1=" " ind2=" ">
    <subfield code="a">270 p.</subfield>
    <subfield code="c">23 cm.</subfield>
  </datafield>
  <datafield tag="505" ind1=" " ind2=" ">
    <subfield code="a">Parte I: Los antecedentes: 1. Independencia y fragmentaci&#xF3;n (1823-1839) &#x2013; 2. Esfuerzos unionistas de 1839 a 1923 &#x2013; 3. Aislacionismo en la primera mitad del siglo XX &#x2013; Parte II: Los primeros pasos hacia la integraci&#xF3;n: 4. Antecedentes y vigencia de los tratados bilaterales de libre comercio (1951 a 1959) &#x2013; 5. Surgimiento y orientaci&#xF3;n del Programa Multilateral (1951 &#x2013; 1952) &#x2013; 6. El afianzamiento institucional (1952-1958) &#x2013; 7. Las actividades del Comit&#xE9; de Cooperaci&#xF3;n Econ&#xF3;mica de 1953  a 1956 &#x2013; 8. Las actividades del Comit&#xE9; de Cooperaci&#xF3;n Econ&#xF3;mica entre 1956 y 1958 &#x2013; 9. El Tratado Multilateral de Libre Comercio e Integraci&#xF3;n Econ&#xF3;mica Centroamericana &#x2013; 10. El convenio sobre el R&#xE9;gimen de Industrias Centroamericanas de Integraci&#xF3;n &#x2013; 11. Hacia la uni&#xF3;n aduanera mediante la unificaci&#xF3;n arancelaria &#x2013; 12. El Convenio Centroamericano sobre Equiparaci&#xF3;n de Grav&#xE1;menes a la Importaci&#xF3;n &#x2013; Parte III: La creaci&#xF3;n del Mercado Com&#xFA;n: 13. El inicio de la integraci&#xF3;n econ&#xF3;mica acelerada: el Plan Tripartito &#x2013; 14. El Tratado de Asociaci&#xF3;n Econ&#xF3;mica &#x2013; 15. Del Tratado Tripartito a la resoluci&#xF3;n 101 &#x2013; 16. El Tratado General de Integraci&#xF3;n Econ&#xF3;mica Centroamericana &#x2013; 17. El Primer Protocolo al Convenio de Equiparaci&#xF3;n Arancelaria &#x2013; 18. El surgimiento del Banco Centroamericano de Integraci&#xF3;n Econ&#xF3;mica &#x2013; 19. Vigencia de los tratados de Managua e incorporaci&#xF3;n de Costa Rica al Mercado Com&#xFA;n (1961-1963)</subfield>
  </datafield>
  <datafield tag="942" ind1=" " ind2=" ">
    <subfield code="c">BK</subfield>
  </datafield>
  <datafield tag="590" ind1=" " ind2=" ">
    <subfield code="a">niveau_biblio:m niveau_hierar:0</subfield>
  </datafield>
  <datafield tag="100" ind1="1" ind2=" ">
    <subfield code="a">Fuentes Mohr, Alberto</subfield>
  </datafield>
  <datafield tag="999" ind1=" " ind2=" ">
    <subfield code="c">6648</subfield>
    <subfield code="d">6648</subfield>
  </datafield>
  <datafield tag="952" ind1=" " ind2=" ">
    <subfield code="0">0</subfield>
    <subfield code="1">0</subfield>
    <subfield code="4">0</subfield>
    <subfield code="7">0</subfield>
    <subfield code="a">BCEJYS</subfield>
    <subfield code="b">BCEJYS</subfield>
    <subfield code="c">16</subfield>
    <subfield code="d">2026-04-07</subfield>
    <subfield code="l">0</subfield>
    <subfield code="o">338.2(8) F954</subfield>
    <subfield code="p">L13822</subfield>
    <subfield code="r">2026-04-07 15:58:47</subfield>
    <subfield code="w">2026-04-07</subfield>
    <subfield code="y">L</subfield>
  </datafield>
  <datafield tag="952" ind1=" " ind2=" ">
    <subfield code="0">0</subfield>
    <subfield code="1">0</subfield>
    <subfield code="4">0</subfield>
    <subfield code="7">0</subfield>
    <subfield code="a">BCEJYS</subfield>
    <subfield code="b">BCEJYS</subfield>
    <subfield code="c">16</subfield>
    <subfield code="d">2026-04-07</subfield>
    <subfield code="l">0</subfield>
    <subfield code="o">338.2(8) F954</subfield>
    <subfield code="p">L65020</subfield>
    <subfield code="r">2026-04-07 15:58:47</subfield>
    <subfield code="w">2026-04-07</subfield>
    <subfield code="y">L</subfield>
  </datafield>
</record>
